सकारात्मक प्रमाण / (Record no. 53001)

MARC details
000 -LEADER
fixed length control field 01288nam a22002777a 4500
005 - DATE AND TIME OF LATEST TRANSACTION
control field 20080905121451.0
008 - FIXED-LENGTH DATA ELEMENTS--GENERAL INFORMATION
fixed length control field 110608t xxu||||| |||| 00| 0 hin d
010 ## - LCCN (DPL NO)
LC control number HIN-92974
020 ## - INTERNATIONAL STANDARD BOOK NUMBER
Terms of availability 135.00
International Standard Book Number 9788191002034
035 ## - SYSTEM CONTROL NUMBER
System control number HN-65320
037 ## - SOURCE OF ACQUISITION
Source of stock number/acquisition DBAD / PUB
040 ## - CATALOGING SOURCE
Original cataloging agency DPL
Language of cataloging HN
082 ## - DEWEY DECIMAL CLASSIFICATION NUMBER
Classification number 158.1
100 ## - MAIN ENTRY--PERSONAL NAME
9 (RLIN) 28442
Personal name चौधरी, कुलकर्णी
245 ## - TITLE STATEMENT
Title सकारात्मक प्रमाण /
Statement of responsibility, etc कुलकर्णी चौधरी
260 ## - PUBLICATION, DISTRIBUTION, ETC. (IMPRINT)
Place of publication, distribution, etc दिल्ली
Name of publisher, distributor, etc जायका इंटरप्राइजेज
Date of publication, distribution, etc 2011
270 ## - ADDRESS
Address WB-27 स्ट्रीट नं-1, शकरपुर
City दिल्ली
Postal code 110092
Electronic mail address publication.jaykayenterprises@gmail.com
300 ## - PHYSICAL DESCRIPTION
Extent 96पृ
Dimensions 22सेमी (अजिल्द)
500 ## - GENERAL NOTE
General note हर सुबह हमें 24 गोल्टन कोइन मिलते हैं। हम जहाँ चाहे प्रयोग करें।
650 ## - SUBJECT ADDED ENTRY--TOPICAL TERM
9 (RLIN) 28443
650 ## - SUBJECT ADDED ENTRY--TOPICAL TERM
9 (RLIN) 28455
700 ## - ADDED ENTRY--PERSONAL NAME
9 (RLIN) 28521
700 ## - ADDED ENTRY--PERSONAL NAME
9 (RLIN) 28536
942 ## - ADDED ENTRY ELEMENTS (KOHA)
Institution code [OBSOLETE] dpl
Item type Hindi Books
Source of classification or shelving scheme Dewey Decimal Classification
Call number suffix चौधरी
Classification part 158.1
Holdings
Withdrawn status Lost status Source of classification or shelving scheme Damaged status Not for loan Collection code Home library Current library Date acquired Source of acquisition Cost, normal purchase price Total Checkouts Full call number Barcode Date last seen Copy number Cost, replacement price Koha item type
    Dewey Decimal Classification   Not For Loan Non-fiction D.B.Act.Division D.B.Act.Division 20/06/2011 DBAD / PUB 135.00   158.1 चौधरी HN-65320 20/06/2011 1 135.00 Hindi Books

© Delhi Public Library
Hit Counter
free hit counter